[Event "EIO (Open)"]
[Site "Pocatello, ID"]
[Date "2009.09.27"]
[Round "5.2"]
[White "Laimana, Jershon"]
[Black "Kircher, Caleb Paul"]
[Result "1-0"]
[WhiteElo "1434"]
[BlackElo "1557"]

1. e4 c5 2. Nf3 d6 3. d4 cxd4 4. Nxd4 Nf6 5. Nc3 g6 6. f3 Bg7 7. Be3 Nc6 8.
Nxc6 bxc6 9. Qd2 Be6 10. Bh6 O-O 11. Bxg7 Kxg7 12. Be2 Qa5 13. h4 Rab8 14. h5
Nxh5 15. g4 Nf6 16. Qh6+ Kg8 17. g5 Nh5 18. Rxh5 gxh5 19. Kd2 Qe5 20. Rh1 Rxb2
21. Qxh5 Qg7 22. Bd3 f5 23. gxf6 Rxf6 24. e5 Rf7 25. Ne2 Kf8 26. exd6 exd6 27.
Qa5 Qf6 28. Bxh7 Rb5 29. Qa3 Rd5+ 30. Bd3 Bf5 31. Qb3 Bxd3 32. Qb8+ Kg7 33.
Qh8+ Kg6 34. Rh6+ Kg5 35. f4+ ({(White now missed a forced mate in 2!--Roland)
} 35. Rh5+ Kg6 36. Qh6#) 35... Kf5 36. Rxf6+ Rxf6 37. cxd3 c5 38. Qh7+ Ke6 39.
Qxa7 Rf7 40. Qb6 c4 41. Nd4+ Kf6 42. dxc4 Rh5 43. Qxd6+ Kg7 44. Ne6+ Kg8 45.
Qd8+ Kh7 46. Ng5+ Rxg5 47. Qxg5 Rd7+ 48. Qd5 Ra7 49. c5 Ra4 50. Qd7+ Kh8 51.
Qxa4 Kg8 52. Qd7 Kh8 53. c6 1-0

[Event "EIO (Open)"]
[Site "Pocatello, ID"]
[Date "2009.09.27"]
[Round "5.4"]
[White "Owen, Gary"]
[Black "Abernathy, Caleb Patrick"]
[Result "1-0"]
[WhiteElo "1598"]
[BlackElo "1364"]

1. e4 e5 2. Nf3 Nc6 3. Bb5 d6 4. d4 Bd7 5. O-O a6 6. Bxc6 Bxc6 7. dxe5 dxe5 8.
Nxe5 Qxd1 9. Rxd1 Bxe4 10. Re1 O-O-O 11. Nxf7 Bxc2 12. Nxd8 Kxd8 13. Bg5+ Be7
14. Bxe7+ Nxe7 15. Nc3 Nc6 16. Rac1 Nd4 17. Re5 Re8 18. Rd5+ Kc8 19. Rxd4 c6
20. f4 Bf5 21. Kf2 Rf8 22. Re1 Rf7 23. Re8+ Kc7 24. Ne4 Bd7 25. Re5 Rxf4+ 26.
Ke3 Rf1 27. Re7 Rb1 28. Rdxd7+ Kb8 29. Rxb7+ Kc8 30. Nd6+ Kd8 31. Rbd7# 1-0

[Event "EIO (Reserve)"]
[Site "Pocatello, ID"]
[Date "2009.09.26"]
[Round "1.1"]
[White "Dierks, Robert O"]
[Black "Proferes, Aaron"]
[Result "0-1"]
[WhiteElo "1371"]
[BlackElo "845"]

1. d4 d5 2. c4 e6 3. Nc3 Nf6 4. Qc2 c6 5. a3 dxc4 6. e3 Nd5 7. Bd2 Nxc3 8.
Bxc3 Be7 9. Nf3 O-O 10. Bxc4 Nd7 11. O-O c5 12. Rad1 Qc7 13. Bd3 g6 14. b3
cxd4 15. Nxd4 a6 16. b4 e5 17. Nf3 f6 18. Rc1 Kg7 19. Nh4 f5 20. Qb2 Bxh4 21.
Bxe5+ Qxe5 22. Qxe5+ Nxe5 23. Rc7+ Rf7 24. Rc3 Nxd3 25. Rxd3 Rd7 26. Rc3 b5
27. g3 Bf6 28. Rc2 a5 29. h4 h5 30. Rb1 axb4 31. axb4 g5 32. Rc5 gxh4 33. Rxb5
Rd2 34. Rc5 hxg3 35. f3 Raa2 36. Rxc8 h4 37. Rc7+ Kg6 38. Rc8 h3 39. Rg8+ Bg7
40. Rc8 Rh2 {#R} 0-1

[Event "EIO (Reserve)"]
[Site "Pocatello, ID"]
[Date "2009.09.26"]
[Round "1.2"]
[White "Patterson, Katie Rae"]
[Black "Finch, Douglas W"]
[Result "1-0"]
[WhiteElo "823"]
[BlackElo "1275"]

1. c4 e5 2. Nc3 Nc6 3. Nf3 Bb4 4. a3 Bxc3 5. bxc3 d6 6. g3 Nf6 7. Bg2 O-O 8.
O-O Bg4 9. d4 Qe7 10. d5 Na5 11. Qa4 b6 12. Bg5 Bd7 13. Bxf6 gxf6 14. Qc2 Nxc4
15. Qe4 b5 16. a4 a6 17. axb5 axb5 18. Qh4 Nb6 19. Bh3 Bxh3 20. Qxh3 Nxd5 21.
Nh4 f5 22. Nxf5 Qf6 23. Rad1 Nxc3 24. Rd2 d5 25. Rc2 b4 26. Qg4+ Kh8 27. Kg2
d4 28. Rd2 b3 29. e3 Qc6+ 30. f3 Rg8 31. Ne7 Qf6 32. Nxg8 Rxg8 33. Qd7 dxe3
34. Rd3 e2 35. Re1 e4 36. fxe4 Nxe4 37. Rf3 Qe6 38. Qxe6 fxe6 39. Rxe2 Rb8 40.
Rf1 Nc5 41. Rb1 Kg7 42. Kf2 Kf6 43. Ke3 e5 44. Kd2 Ke6 45. Kc3 Kd5 46. Rd2+
Kc6 47. h4 Kb5 48. Rd5 Kc6 49. Rxe5 Rd8 50. Re3 Kb5 51. g4 c6 52. g5 Ra8 53.
Kb2 Ra2+ 54. Kc3 Rc2+ 55. Kd4 Kb4 56. h5 Ka3 57. g6 hxg6 58. hxg6 Ka2 59. g7
Rg2 60. Kxc5 Rxg7 61. Rexb3 Rg6 62. Kb4 Rg4+ 63. Kc3 Rg3+ 64. Kc4 Rg4+ 65. Kc5
Rg6 66. Rb6 Rh6 67. R1b4 Rh5+ 68. Kxc6 Ra5 69. R6b5 Ra7 70. Rf5 Ka3 71. Rbb5
Ka4 72. Rbc5 Ra6+ 73. Kd5 Kb4 74. Rc4+ Kb3 75. Rf3+ Kb2 76. Rb4+ Kc2 77. Kd4
Rd6+ 78. Ke3 Kc3 79. Rbf4 Re6+ 80. Kf2+ Kc2 81. Kg2 Kd2 82. Rh4 Re7 83. Rh2
Rg7+ 84. Kh1+ Ke1 85. Rb3 Rd7 86. Rb1+ {#r} 1-0

[Event "EIO (Reserve)"]
[Site "Pocatello, ID"]
[Date "2009.09.26"]
[Round "2.1"]
[White "Proferes, Aaron"]
[Black "Patterson, Kevin R"]
[Result "1/2-1/2"]
[WhiteElo "845"]
[BlackElo "1158"]

1. e4 c6 2. d3 d5 3. e5 Bf5 4. Nf3 h6 5. d4 e6 6. a3 Ne7 7. Nc3 Bh7 8. Bd3
Bxd3 9. Qxd3 Nf5 10. g3 Nd7 11. Bd2 Qb6 12. g4 Ne7 13. Na4 Qc7 14. h4 c5 15.
c4 Qc6 16. b3 dxc4 17. Qxc4 Qxf3 18. Rg1 Qd5 19. dxc5 Qxe5+ 20. Kf1 Qxa1+ 21.
Kg2 Qe5 22. Re1 Qd5+ 23. Qxd5 Nxd5 24. b4 Be7 25. Kh3 N7f6 26. f3 O-O 27. g5
hxg5 28. hxg5 Nh7 29. f4 Rad8 30. Bc1 Nc7 31. Kg4 Rd7 32. f5 exf5+ 33. Kxf5
Rd5+ 34. Re5 Rxe5+ 35. Kxe5 Re8 36. Kf5 g6+ 37. Kg4 f6 38. gxf6 Bxf6 39. Bf4
Be5 40. Bxe5 Rxe5 41. Kf4 Re1 42. Nc3 a6 43. a4 Nf6 44. b5 axb5 45. axb5 Ncd5+
46. Nxd5 Nxd5+ 47. Kg5 Kg7 48. c6 bxc6 49. bxc6 Nc7 50. Kg4 Re6 51. Kf3 g5 52.
Kg3 Rxc6 53. Kg4 Rg6 54. Kf5 Ne6 55. Kg4 Rf6 56. Kh5 Rf4 {#d} 1/2-1/2

[Event "EIO (Reserve)"]
[Site "Pocatello, ID"]
[Date "2009.09.26"]
[Round "2.2"]
[White "Porth, Adam"]
[Black "Patterson, Katie Rae"]
[Result "1-0"]
[WhiteElo "1071"]
[BlackElo "823"]

1. d4 d5 2. Nf3 Nc6 3. e3 Nf6 4. Bd3 g6 5. b3 Bg7 6. Bb2 O-O 7. Nbd2 Bg4 8.
O-O Nb4 9. Be2 Qd6 10. c3 Bxf3 11. Bxf3 Nd3 12. Qc2 Nxb2 13. Qxb2 b6 14. c4 c6
15. Rac1 c5 16. cxd5 Qc7 17. d6 Qxd6 18. Bxa8 Rxa8 19. f3 cxd4 20. Qxd4 Qxd4
21. exd4 Nd5 22. Ne4 Bxd4+ 23. Nf2 Bxf2+ 24. Kxf2 a5 25. Rfd1 Rd8 26. Rd2 b5
27. Rc5 e6 28. Rxb5 f5 29. Rxa5 Kf7 30. b4 g5 31. b5 Ke7 32. Ra7+ Kd6 33. b6
Rb8 34. b7 Kc6 35. Re2 Rxb7 36. Rxe6+ Kc7 37. Ra5 Nf4 38. Re7+ Kb6 39. Rxb7+
Kxb7 40. Rxf5 Nd3+ 41. Kg3 Nc1 42. a4 h6 43. f4 gxf4+ 44. Kxf4 Ne2+ 45. Kg4
Nd4 46. Rh5 Kb6 47. h4 Nc2 48. Rxh6+ Ka5 49. h5 Kxa4 50. Rf6 Kb5 51. h6 Kc5
52. h7 Ne3+ 53. Kg3 Nxg2 54. Kxg2 Kd5 55. h8=Q Ke5 56. Rf1+ Ke4 57. Qe8+ Kd3
58. Rd1+ Kc2 59. Rd7 Kb3 60. Rc7 Kb4 61. Qb8+ Ka4 62. Ra7# 1-0

[Event "EIO (Reserve)"]
[Site "Pocatello, ID"]
[Date "2009.09.26"]
[Round "3.1"]
[White "Patterson, Kevin R"]
[Black "Porth, Adam"]
[Result "0-1"]
[WhiteElo "1158"]
[BlackElo "1071"]

1. e4 e5 2. d4 Nf6 3. dxe5 Nxe4 4. Qe2 Nc5 5. Nf3 Ne6 6. g3 Nc6 7. Bh3 Bc5 8.
O-O O-O 9. Rd1 d6 10. Bf5 Ncd4 11. Nxd4 Nxd4 12. Bxh7+ Kxh7 13. Rxd4 Bxd4 14.
Qe4+ g6 15. Qxd4 dxe5 16. Qxd8 Rxd8 17. Kg2 Bf5 18. Nc3 Bxc2 19. Bg5 Re8 20.
Nd5 Be4+ 21. Kg1 Bxd5 22. b3 Bf3 23. h4 Kg7 24. Rc1 c6 25. Rc3 e4 26. Be3 Rad8
27. Rc1 Rd1+ 28. Rxd1 Bxd1 29. Bxa7 Ra8 30. Bd4+ Kh7 31. Kg2 Rxa2 32. Kh3 Bxb3
33. g4 b5 34. Kg3 b4 35. Kf4 Bd5 36. Kg5 b3 37. h5 gxh5 38. gxh5 b2 39. Bxb2
Rxb2 40. h6 Rxf2 41. Kg4 e3 {#R} 0-1

[Event "EIO (Reserve)"]
[Site "Pocatello, ID"]
[Date "2009.09.26"]
[Round "3.2"]
[White "Finch, Douglas W"]
[Black "Proferes, Aaron"]
[Result "1-0"]
[WhiteElo "1275"]
[BlackElo "845"]

1. d4 d5 2. Nc3 e6 3. Bf4 a6 4. Nf3 Nc6 5. a3 Nf6 6. h3 h6 7. Ne5 Bd6 8. Nxc6
bxc6 9. Bxd6 Qxd6 10. b4 e5 11. e3 Ne4 12. Na4 Bd7 13. Nc5 Nxc5 14. bxc5 Qf6
15. Rb1 exd4 16. Qxd4 Qxd4 17. exd4 O-O 18. Kd2 a5 19. Bd3 g6 20. Rb7 Rac8 21.
Re1 Bf5 22. Ra7 Bxd3 23. cxd3 f5 24. Rb1 f4 25. f3 g5 26. Rbb7 Rf7 27. Rxa5 h5
28. Ke2 Re7+ 29. Kf2 Re3 30. Ra6 Rxd3 31. Rxc6 Rd2+ 32. Kg1 Kf7 33. Rcxc7+
Rxc7 34. Rxc7+ Ke8 35. Rg7 Rxd4 36. Rxg5 h4 37. a4 Kd7 38. a5 Kc6 39. a6 Kxc5
40. a7 Ra4 41. Rg7 Kd4 42. Re7 Ra2 43. g4 fxg3 44. f4 Kc3 45. f5 d4 46. f6 d3
47. f7 d2 48. Rc7+ Kb2 49. Rd7 Kc3 50. f8=Q Ra1+ 51. Qf1 Rxf1+ 52. Kxf1 Kc2
53. a8=Q d1=Q+ 54. Rxd1 Kxd1 55. Qd5+ Kc2 56. Qc4+ Kb2 57. Qxh4 g2+ 58. Kxg2
Kc1 59. Qf2 Kb1 60. h4 Kc1 61. h5 Kb1 62. h6 Kc1 63. h7 Kb1 64. h8=Q Kc1 65.
Qa1# 1-0

[Event "EIO (Reserve)"]
[Site "Pocatello, ID"]
[Date "2009.09.26"]
[Round "3.3"]
[White "Dierks, Robert O"]
[Black "Patterson, Katie Rae"]
[Result "0-1"]
[WhiteElo "1371"]
[BlackElo "823"]

1. d4 d5 2. c4 c6 3. Nc3 Nf6 4. Qc2 g6 5. Nf3 Bg7 6. e3 O-O 7. Be2 Bg4 8. O-O
dxc4 9. Ne4 Nxe4 10. Qxe4 Bxf3 11. Qxf3 Qd6 12. Bxc4 b5 13. Bb3 Nd7 14. Rd1
Nb6 15. Rb1 Nc4 16. a3 a5 17. Qe2 Qd5 18. a4 Rad8 19. e4 Qe6 20. e5 Qd5 21.
Bf4 Rfe8 22. Bc2 f6 23. Be4 Qe6 24. Rd3 fxe5 25. Bxe5 Nxe5 26. dxe5 Rxd3 27.
Qxd3 Qxe5 28. Bxc6 Rf8 29. axb5 Qf4 30. b6 Qxf2+ 31. Kh1 Be5 32. Bf3 Qxb6 33.
Qd5+ e6 34. Qxe5 Qa6 35. Ra1 a4 36. h3 Rf5 37. Qd4 e5 38. Qd5+ Kg7 39. Qd4
{#R} 0-1

[Event "EIO (Reserve)"]
[Site "Pocatello, ID"]
[Date "2009.09.27"]
[Round "4.1"]
[White "Porth, Adam"]
[Black "Finch, Douglas W"]
[Result "1/2-1/2"]
[WhiteElo "1071"]
[BlackElo "1275"]

1. d4 d5 2. Nf3 Nf6 3. e3 e6 4. Bd3 c5 5. b3 a6 6. Nbd2 Nc6 7. Bb2 Nb4 8. Be2
Bd7 9. a3 Nc6 10. O-O Qc7 11. Ne5 Bd6 12. f4 cxd4 13. exd4 O-O 14. Rf3 Ne4 15.
Bd3 Nxd2 16. Qxd2 f6 17. Nxd7 Qxd7 18. Rh3 f5 19. Qf2 Rae8 20. Qh4 g6 21. a4
Nb4 22. Ba3 Rf7 23. Bxb4 Bxb4 24. Be2 Qc7 25. c4 Be7 26. Qg3 Rg7 27. Qe3 Bf6
28. cxd5 Qd7 29. Kf1 exd5 30. Qf3 Rge7 31. Re1 Qc7 32. Qxd5+ Kg7 33. Rf3 Rd8
34. Qc5 Rxd4 35. Qxc7 Rxc7 36. Bc4 Rcd7 37. g3 a5 38. Rfe3 b6 39. Bb5 R7d6 40.
Re6 g5 41. Rxd6 Rxd6 42. fxg5 Bxg5 43. Re5 Kg6 44. Bc4 h6 45. h4 Kf6 46. Rd5
Rxd5 47. Bxd5 Bc1 48. Bc4 {#d} 1/2-1/2

[Event "EIO (Reserve)"]
[Site "Pocatello, ID"]
[Date "2009.09.27"]
[Round "4.2"]
[White "Patterson, Katie Rae"]
[Black "Patterson, Kevin R"]
[Result "0-1"]
[WhiteElo "823"]
[BlackElo "1158"]

1. e4 c6 2. Nc3 d5 3. e5 Bf5 4. Nf3 h6 5. g3 e6 6. Bg2 Bb4 7. a3 Bxc3 8. dxc3
Ne7 9. O-O Nd7 10. b4 Bg4 11. Qd4 Bf5 12. c4 Bh7 13. cxd5 cxd5 14. c4 b6 15.
cxd5 Nxd5 16. Nd2 Nf8 17. Nb1 Rc8 18. Bxd5 Qxd5 19. Qxd5 exd5 20. Re1 Ne6 21.
Nd2 O-O 22. a4 Rfe8 23. a5 b5 24. f4 a6 25. Kf2 Nd4 26. Ra2 Nc2 27. Re2 Nxb4
28. Ra1 Nd3+ 29. Ke3 Nxc1 30. Rxc1 Rxc1 31. h4 b4 32. g4 b3 33. Nxb3 Rc3+ 34.
Kd4 Rxb3 35. Kxd5 Rb5+ 36. Kc6 Rxa5 37. f5 Raxe5 38. Ra2 Re4 39. Rxa6 Rxg4 40.
Kd7 Rf8 41. f6 Rxh4 42. fxg7 Kxg7 43. Ke7 Re4+ 44. Kd6 Rd8+ 45. Kc7 Red4 46.
Rb6 R4d6 47. Rxd6 Rxd6 48. Kxd6 h5 49. Ke5 h4 50. Kf4 h3 51. Kg3 Bf5 52. Kh2
Bg4 53. Kg3 Kg6 54. Kh2 f5 55. Kg3 Kg5 56. Kh2 Kf4 57. Kg1 Kg3 58. Kh1 Bf3+
59. Kg1 h2+ 60. Kf1 h1=Q# 0-1

[Event "EIO (Reserve)"]
[Site "Pocatello, ID"]
[Date "2009.09.27"]
[Round "5.1"]
[White "Porth, Adam"]
[Black "Dierks, Robert O"]
[Result "1-0"]
[WhiteElo "1071"]
[BlackElo "1371"]

1. d4 Nf6 2. Nf3 g6 3. e3 Bg7 4. Bd3 O-O 5. b3 c6 6. Bb2 d5 7. Nbd2 Re8 8. Ne5
Nbd7 9. O-O b6 10. f4 c5 11. Ndf3 a5 12. f5 Ne4 13. fxg6 fxg6 14. Nxg6 hxg6
15. c4 Ndf6 16. Ne5 Bf5 17. cxd5 Ng4 18. Nxg4 Bxg4 19. Qxg4 Nd6 20. Qxg6 Rf8
21. dxc5 Rf6 22. Bxf6 exf6 23. cxd6 Qxd6 24. Qh7+ Kf8 25. Rac1 Qe5 26. Rf3 Rd8
27. Rg3 Qe7 28. d6 Rxd6 29. Rc8+ Rd8 30. Rxd8+ {#r} 1-0

[Event "EIO (Reserve)"]
[Site "Pocatello, ID"]
[Date "2009.09.27"]
[Round "5.2"]
[White "Patterson, Kevin R"]
[Black "Finch, Douglas W"]
[Result "0-1"]
[WhiteElo "1158"]
[BlackElo "1275"]

1. e4 c5 2. Nf3 Nc6 3. d4 cxd4 4. Nxd4 e6 5. Nc3 Nf6 6. a3 Bc5 7. Nxc6 bxc6 8.
e5 Nd5 9. Nxd5 cxd5 10. Qf3 Qb6 11. Be2 Bd4 12. c3 Bxe5 13. O-O Bb7 14. Qh3
Ba6 15. Bxa6 Qxa6 16. Re1 d6 17. Bd2 d4 18. Re4 dxc3 19. Bxc3 Bxc3 20. Qxc3 e5
21. Rc4 O-O 22. Rc6 Qb5 23. Rxd6 Rac8 24. Qd2 f6 25. Rd1 Qc5 26. Rc1 Qxc1+
{#R} 0-1

[Event "EIO (Open)"]
[Site "Pocatello, ID"]
[Date "2010.09.18"]
[Round "1.1"]
[White "Abderhalden, Katherine Louise"]
[Black "Mason, Samuel Reed"]
[Result "1-0"]
[WhiteElo "1697"]
[BlackElo "1459"]

1. d4 d5 2. Bf4 c6 3. Nf3 Nf6 4. e3 Nbd7 5. c4 e6 6. Bd3 dxc4 7. Bxc4 b5 8.
Be2 a6 9. O-O c5 10. dxc5 Bxc5 11. Nc3 O-O 12. Qc2 Bb7 13. Rfd1 Qe7 14. Rac1
Rac8 15. Bg5 Ba7 16. Qb1 Qc5 17. Nxb5 Qb6 18. Rxc8 Rxc8 19. Nd6 Rc6 20. Nxb7
Qxb7 21. Ne5 Nd5 22. Nxd7 Qxd7 23. e4 f6 24. exd5 exd5 25. Be3 Bb8 26. Bf3 Rd6
27. Bc5 Rc6 28. Bxd5+ Re6 29. Bxe6+ Qxe6 30. Rd8+ Kf7 31. Rxb8 Qe5 32. Rf8+
Ke6 33. Re8+ Kd5 34. Rxe5+ Kxe5 35. Qd3 a5 36. g4 g6 37. Qd6+ Ke4 38. Kg2 h6
39. Qd4# 1-0

[Event "EIO (Open)"]
[Site "Pocatello, ID"]
[Date "2010.09.18"]
[Round "1.2"]
[White "Abderhalden, Richard Robert"]
[Black "Kircher, Caleb Paul"]
[Result "1-0"]
[WhiteElo "1487"]
[BlackElo "1623"]

1. e4 d5 2. d4 dxe4 3. Nc3 e5 4. Nxe4 exd4 5. Nf3 Bg4 6. Be2 Nc6 7. O-O Bxf3
8. Bxf3 Be7 9. Bf4 Qd7 10. Qe2 O-O-O 11. Rfd1 Kb8 12. a3 Nf6 13. Qc4 Nd5 14.
Bg3 Nb6 15. Qd3 f5 16. Nd2 g6 17. b4 Bf6 18. Nb3 Qf7 19. Bxc6 bxc6 20. Na5 Ka8
21. Nxc6 Qd5 22. Nxd8 Rxd8 23. Bxc7 Rd7 24. Bxb6 axb6 25. Qa6+ Kb8 26. Qxb6+
Rb7 27. Qxf6 {#r} 1-0

[Event "EIO (Open)"]
[Site "Pocatello, ID"]
[Date "2010.09.18"]
[Round "1.3"]
[White "Owen, Gary"]
[Black "Finch, Douglas W"]
[Result "1-0"]
[WhiteElo "1599"]
[BlackElo "1425"]

1. e4 c5 2. Nf3 d6 3. d4 cxd4 4. Nxd4 Nf6 5. Nc3 a6 6. Be2 e5 7. Nb3 Be6 8.
O-O Be7 9. Be3 O-O 10. f4 Qc7 11. f5 Bc4 12. Kh1 Rd8 13. Bxc4 Qxc4 14. Nd2 Qc6
15. Qe2 h6 16. Rad1 d5 17. exd5 Nxd5 18. Nxd5 Qxd5 19. Qg4 Qc6 20. Nc4 Rxd1
21. Rxd1 Nd7 22. Bxh6 Qxh6 23. Rxd7 Bf6 24. h3 b5 25. Nd6 Rd8 26. Rxd8+ Bxd8
27. Qd1 Bc7 28. Ne8 Bb6 29. Nd6 Qf4 30. b3 e4 31. c4 e3 32. Qd5 Kh7 33. Qd3
Qd4 34. Qxd4 Bxd4 35. Ne4 Kh6 36. Ng3 bxc4 37. bxc4 Kg5 38. Ne2 Bc5 39. g4 g6
40. fxg6 fxg6 41. Kg2 Kf6 42. Kf3 Ke5 43. h4 Bb6 44. a4 a5 45. Nf4 g5 46. hxg5
Kd4 47. g6 {#r} 1-0

[Event "EIO (Open)"]
[Site "Pocatello, ID"]
[Date "2010.09.18"]
[Round "1.4"]
[White "Abernathy, Caleb Patrick"]
[Black "Stewart, David Wayne"]
[Result "1-0"]
[WhiteElo "1384"]
[BlackElo "1524"]

1. e4 e5 2. Nf3 Nc6 3. d4 exd4 4. Nxd4 Bb4+ 5. c3 Bc5 6. Be3 Qe7 7. Nxc6 bxc6
8. Bxc5 Qxc5 9. Qd4 Qg5 10. Nd2 Nf6 11. Nf3 Qf4 12. e5 Qxd4 13. Nxd4 Ng4 14.
f4 Ne3 15. Kd2 Nxf1+ 16. Rhxf1 Rb8 17. b3 c5 18. Nf5 g6 19. Ne3 Bb7 20. g3 d5
21. Ng4 Rd8 22. Rad1 Ke7 23. Nf6 h5 24. Ke3 d4+ 25. cxd4 cxd4+ 26. Rxd4 Rxd4
27. Kxd4 c5+ 28. Kxc5 Rc8+ 29. Kb4 Rc2 30. Rd1 a5+ 31. Kxa5 Rxa2+ 32. Kb6 Bf3
33. Rd3 Bg4 34. h4 Be6 35. b4 Rb2 36. b5 Bc4 37. Rd7+ Ke6 38. Rd6+ Ke7 39.
Nd5+ Ke8 40. Nc7+ Ke7 41. Kc6 Be2 42. Rd7+ Kf8 43. b6 Rb3 44. b7 Bf3+ 45. Nd5
Bxd5+ 46. Rxd5 {#r} 1-0

[Event "EIO (Open)"]
[Site "Pocatello, ID"]
[Date "2010.09.18"]
[Round "2.1"]
[White "Abernathy, Caleb Patrick"]
[Black "Abderhalden, Katherine Louise"]
[Result "1/2-1/2"]
[WhiteElo "1478"]
[BlackElo "1697"]

1. d4 d5 2. Nf3 Nf6 3. e3 Bg4 4. Nbd2 e6 5. Bd3 c5 6. b3 Bd6 7. h3 Bh5 8. Bb2
Nc6 9. a3 O-O 10. c4 cxd4 11. exd4 e5 12. dxe5 Nxe5 13. Be2 dxc4 14. Bxe5 Bxe5
15. Nxe5 Bxe2 16. Qxe2 Re8 17. Ndxc4 Qc7 18. Rc1 Nd7 19. O-O Nxe5 20. Nxe5
Qxe5 21. Qxe5 Rxe5 22. Rc7 Rb5 23. Rfc1 h6 24. Rc8+ Rxc8 25. Rxc8+ Kh7 26. b4
Kg6 27. Kf1 a5 28. bxa5 Rxa5 29. Rb8 Rxa3 30. Rxb7 Ra2 31. g3 Rc2 32. Kg2 Rc3
33. g4 Rd3 34. f3 Re3 35. Kg3 Kf6 36. Rb6+ Re6 37. Rb5 g6 38. h4 Rd6 39. Rb4
g5 40. h5 Ke6 41. Re4+ Kf6 42. Re3 Rd4 43. Rb3 Ke6 44. Kf2 Ke5 45. Ke3 f6 46.
Rb8 Rd6 47. Re8+ Re6 48. Rxe6+ Kxe6 49. Ke4 Ke7 50. Kd3 Kd7 51. Ke3 Ke7 52.
Kd4 Kd6 53. Ke4 Ke6 54. f4 Ke7 55. f5 Kd6 56. Kd4 Kc6 57. Kc4 {#d} 1/2-1/2

[Event "EIO (Open)"]
[Site "Pocatello, ID"]
[Date "2010.09.18"]
[Round "2.2"]
[White "Abderhalden, Richard Robert"]
[Black "Owen, Gary"]
[Result "1-0"]
[WhiteElo "1487"]
[BlackElo "1612"]

1. e4 e5 2. Nf3 Nf6 3. Nc3 Nc6 4. Bc4 Bb4 5. d3 O-O 6. a3 Bxc3+ 7. bxc3 d5 8.
exd5 Nxd5 9. Bb2 Bg4 10. Qe2 Nf4 11. Qe4 Nxg2+ 12. Kd2 Bxf3 13. Qxf3 Qg5+ 14.
Kd1 Nf4 15. Ke1 Na5 16. Ba2 Kh8 17. Bc1 Rae8 18. Kf1 Qh4 19. Be3 Nc6 20. Ke1
f5 21. Kd2 Qh3 22. Qg3 Qxg3 23. hxg3 Ng6 24. Rh2 f4 25. Bc5 Rf6 26. g4 h6 27.
g5 Rf5 28. gxh6 gxh6 29. Rxh6+ Kg7 30. Rah1 Rh8 31. Rxg6+ Kxg6 32. Rxh8 b6 33.
Bd5 Rf6 34. Bxc6 Rxc6 35. Bf8 Re6 36. Rh6+ Kf5 37. Rxe6 Kxe6 38. Bg7 b5 39.
Ke2 Kf5 40. Kf3 c6 41. Bh8 c5 42. Bg7 a5 43. Bf8 c4 44. Bc5 a4 45. Bb4 Kf6 46.
Ke4 Ke6 47. d4 exd4 48. cxd4 {#r} 1-0

[Event "EIO (Open)"]
[Site "Pocatello, ID"]
[Date "2010.09.18"]
[Round "2.3"]
[White "Manross, Sean"]
[Black "Edvalson, Paul F"]
[Result "1-0"]
[WhiteElo "1805"]
[BlackElo "1236"]

1. d4 d5 2. c4 c6 3. Nf3 f5 4. Nc3 Nf6 5. Bg5 e6 6. e3 Be7 7. Ne5 Nbd7 8. f4
O-O 9. Be2 Nxe5 10. fxe5 Ne4 11. Bxe7 Qxe7 12. O-O Nxc3 13. bxc3 b6 14. Rb1
Bb7 15. Qb3 Qg5 16. Rf3 f4 17. exf4 Rxf4 18. c5 b5 19. Rbf1 Raf8 20. c4 Rxf3
21. Bxf3 dxc4 22. Qc3 Qd8 23. a4 a6 24. axb5 axb5 25. Ra1 Rf4 26. Rd1 Qa8 27.
Qe3 Rf7 28. Bg4 Qe8 29. Ra1 Re7 30. Qh3 Qd7 31. Qe3 Bc8 32. Qe4 Qb7 33. Be2
Bd7 34. Bh5 b4 35. Be2 c3 36. Rb1 Be8 37. Bd3 Bg6 38. Qe3 c2 39. Rf1 Bxd3 40.
Qxd3 b3 41. Qc3 Rf7 42. Re1 Rd7 43. Qh3 Re7 44. Qc3 Rd7 45. Qh3 b2 46. Qxe6+
Rf7 47. Rf1 Qd7 48. Qa2 Qxd4+ 49. Kh1 Qd5 50. Qa8+ {#r} 1-0

[Event "EIO (Open)"]
[Site "Pocatello, ID"]
[Date "2010.09.18"]
[Round "2.4"]
[White "Kircher, Caleb Paul"]
[Black "Mason, Samuel Reed"]
[Result "1-0"]
[WhiteElo "1667"]
[BlackElo "1459"]

1. f4 d6 2. e4 Nc6 3. Bb5 Bd7 4. Nf3 g6 5. d4 Bg7 6. c3 Nf6 7. Qe2 O-O 8. O-O
d5 9. e5 Ne4 10. Nbd2 Nxd2 11. Bxd2 e6 12. Bd3 a6 13. Kh1 b5 14. g4 Qe7 15. a3
a5 16. Bxb5 Rfb8 17. a4 Na7 18. Bxd7 Qxd7 19. b4 axb4 20. cxb4 Nc8 21. b5 Nb6
22. Qd1 c6 23. a5 Nc4 24. b6 Qb7 25. Qb3 Ra6 26. Ra4 Rba8 27. Rfa1 f6 28. Bb4
fxe5 29. dxe5 Rd8 30. Bc5 Rd7 31. Ng5 Nd2 32. Qh3 Bf8 33. Bxf8 Kxf8 34. Nxe6+
Kg8 35. Nc5 Qc8 36. g5 Rc7 37. Qxc8+ Rxc8 38. Nxa6 Nb3 39. b7 Rf8 40. Rb1 d4
41. Rxb3 d3 42. b8=Q d2 43. Qxf8+ Kxf8 44. Rd3 h6 45. Rb4 hxg5 46. Rb7 Ke8 47.
fxg5 c5 48. Nxc5 d1=Q+ 49. Rxd1 Kf8 50. Rd8# 1-0

[Event "EIO (Open)"]
[Site "Pocatello, ID"]
[Date "2010.09.18"]
[Round "2.5"]
[White "Stewart, David Wayne"]
[Black "Finch, Douglas W"]
[Result "1-0"]
[WhiteElo "1638"]
[BlackElo "1425"]

1. e4 c5 2. Nf3 d6 3. d4 cxd4 4. Nxd4 Nf6 5. Nc3 a6 6. Bc4 g6 7. Bb3 Bg7 8. f3
O-O 9. Be3 Nbd7 10. Qd2 b5 11. Bh6 Nc5 12. Bxg7 Nxb3 13. axb3 Kxg7 14. Ncxb5
Bb7 15. Nc3 Qc7 16. h4 e5 17. Nf5+ Kg8 18. h5 Rad8 19. Qh6 Nxh5 20. Rxh5 f6
21. Rh3 gxf5 22. Rg3+ Kh8 23. O-O-O Rf7 24. Rh1 Rg8 25. Rg6 fxe4 26. fxe4 Qe7
27. Rxg8+ Kxg8 28. Rd1 Qd8 29. Nd5 Bc8 30. Qh4 Qf8 31. Rf1 f5 32. exf5 Bxf5
33. Rxf5 Rxf5 34. Ne7+ Kh8 35. Ng6+ {#r} 1-0

[Event "EIO (Open)"]
[Site "Pocatello, ID"]
[Date "2010.09.18"]
[Round "3.1"]
[White "Abderhalden, Katherine Louise"]
[Black "Abderhalden, Richard Robert"]
[Result "1-0"]
[WhiteElo "1697"]
[BlackElo "1487"]

1. d4 d5 2. Bf4 Nf6 3. Nf3 Nc6 4. e3 e6 5. c4 Bd6 6. Bg5 h6 7. Bh4 b6 8. Nc3
Be7 9. Bd3 Bb7 10. O-O O-O 11. Rc1 Na5 12. cxd5 Nxd5 13. Bg3 Rc8 14. e4 Nf6
15. Qe2 c5 16. dxc5 Bxc5 17. Rfd1 Qe7 18. Bh4 e5 19. a3 Nb3 20. Rb1 Nd4 21.
Nxd4 Bxd4 22. Nb5 Qe6 23. Nxa7 Rb8 24. Nb5 Rfe8 25. Kh1 Qc6 26. f3 Nh5 27.
Nxd4 exd4 28. Bb5 Ba6 29. Bxa6 Qc5 30. Rbc1 Qe5 31. Qc4 Nf4 32. Bg3 Red8 33.
Bxf4 Qxf4 34. Rc2 {#r} 1-0

[Event "EIO (Open)"]
[Site "Pocatello, ID"]
[Date "2010.09.18"]
[Round "3.2"]
[White "Manross, Sean"]
[Black "Abernathy, Caleb Patrick"]
[Result "1-0"]
[WhiteElo "1805"]
[BlackElo "1478"]

1. d4 Nf6 2. Nf3 e6 3. g3 b6 4. Bg2 Bb7 5. O-O d5 6. c4 Nbd7 7. b3 Ne4 8. Bb2
Ndf6 9. Nbd2 Bb4 10. a3 Bc3 11. Bxc3 Nxc3 12. Qe1 dxc4 13. Nxc4 Nb5 14. e3 O-O
15. Rc1 Be4 16. Qe2 Nd5 17. Qb2 Nbc3 18. Rxc3 Nxc3 19. Qxc3 Qd5 20. Ncd2 c5
21. Nxe4 Qxe4 22. Ne5 cxd4 23. exd4 Rac8 24. Qxc8 Qxg2+ 25. Kxg2 Rxc8 26. Re1
Rc3 27. Re3 Rc2 28. Rd3 f6 29. Nf3 Kf7 30. Kf1 Ke7 31. Nd2 b5 32. Ke2 Kd6 33.
Ke3 Rc1 34. Ne4+ Kd5 35. Nc3+ Kc6 36. Ne2 Ra1 37. b4 Kd5 38. Nf4+ Kc4 39. Ne2
g5 40. Ke4 f5+ 41. Ke3 Rf1 42. d5 f4+ 43. gxf4 gxf4+ 44. Nxf4 exd5 45. Ne2 d4+
46. Nxd4 Rb1 47. Ne2 Rb3 48. Rxb3 Kxb3 49. Kd3 a6 50. Nd4+ Kxa3 51. Kc3 Ka4
52. f4 {#r} 1-0

[Event "EIO (Open)"]
[Site "Pocatello, ID"]
[Date "2010.09.18"]
[Round "3.3"]
[White "Owen, Gary"]
[Black "Kircher, Caleb Paul"]
[Result "1/2-1/2"]
[WhiteElo "1612"]
[BlackElo "1667"]

1. e4 d5 2. exd5 Nf6 3. c4 c6 4. dxc6 Nxc6 5. Nf3 e5 6. d3 Bf5 7. Nc3 Qd7 8.
Be2 O-O-O 9. O-O Bxd3 10. Bg5 Qf5 11. Nd5 Bxe2 12. Qxe2 e4 13. Qc2 Bd6 14.
Bxf6 gxf6 15. Rae1 Rde8 16. Re2 Rhg8 17. Re3 Rxg2+ 18. Kxg2 exf3+ 19. Kh1 Qxc2
20. Rxe8+ Kd7 21. Nxf6+ Kc7 {#d} 1/2-1/2